| 000 | 00400nam a2200157Ia 4500 | ||
|---|---|---|---|
| 008 | 230312s9999||||xx |||||||||||||| ||und|| | ||
| 020 | _a0-07-113402-6 | ||
| 082 |
_a658.81 _bJOH |
||
| 100 | _aJohnson Eugene , M. | ||
| 245 | 0 | _aSales Management | |
| 260 |
_bMcGraw Hill _aNew York _c1994 |
||
| 300 | _a564 | ||
| 546 | _aEng. | ||
| 650 |
_aManagement _vLearning Goals , Changes in Sellling |
||
| 942 | _cBK | ||
| 999 |
_c123 _d123 |
||